Cesty benediktínov pri christianizácii Slovenska

Význam benediktínov pri christianizácii Slovenska. Jozef Kútnik Šmálov a jeho metóda, ktorou dokazuje pohyb benediktínov po Slovensku, smer ich putovania a významné zastávky.

Na minha lista:
Detalhes bibliográficos
Autor principal: Eliašová, Darina
Formato: Capítulo de Livro
Idioma:eslovaco
Assuntos:
Tags: Adicionar Tag
Sem tags, seja o primeiro a adicionar uma tag!

MARC

LEADER 00000naa a2200000 4500
001 0162611
005 20240502072821.6
041 0 |a slo 
044 |a SK 
245 1 0 |a Cesty benediktínov pri christianizácii Slovenska  |c Darina Eliašová 
520 |a Význam benediktínov pri christianizácii Slovenska. Jozef Kútnik Šmálov a jeho metóda, ktorou dokazuje pohyb benediktínov po Slovensku, smer ich putovania a významné zastávky. 
610 2 0 |a dejiny 
610 2 0 |a cirkev 
610 2 0 |a kresťanstvo 
610 2 0 |a Slovensko 
100 1 |a Eliašová, Darina